Metal Genres [Ultimate List] - Statistics

General Stats
  • This quiz has been taken 91 times
    14 since last reset
  • The average score is 34 of 80
Answer Stats
Answer % Correct
Black Metal
100%
Death Metal
100%
Heavy (Traditional) Metal
100%
Speed Metal
100%
Thrash Metal
92%
Doom Metal
85%
Power Metal
85%
Progressive Metal
85%
Technical Death Metal
85%
Blackened Death Metal
77%
Deathcore
77%
Melodic Death Metal
77%
Slam Death Metal
77%
Symphonic Metal
77%
Avant-Garde Metal
69%
Metalcore
69%
Nu Metal
69%
Stoner Metal
69%
Alternative Metal
62%
Djent
62%
Glam Metal
62%
Grindcore
62%
Groove Metal
62%
Progressive Death Metal
62%
War Metal
62%
Death Doom Metal
54%
Drone Metal
54%
Folk Metal
54%
Funeral Doom Metal
54%
Goregrind
54%
Industrial Metal
54%
Melodic Black Metal
54%
Post-Metal
54%
Sludge Metal
54%
Viking Metal
54%
Atmospheric Black Metal
46%
Neoclassical Metal
46%
Symphonic Black Metal
46%
Brutal Death Metal
38%
Crossover Thrash
38%
Dissonant Death Metal
38%
Funk Metal
38%
Gothic Metal
38%
Pirate Metal
38%
Pornogrind
38%
Rap Metal
38%
Technical Thrash Metal
38%
Blackgaze
31%
Deathgrind
31%
Mathcore
31%
Melodic Metalcore
31%
Southern Metal
31%
Atmospheric Sludge Metal
23%
Death-Thrash
23%
Depressive Black Metal
23%
Epic Doom Metal
23%
Neue Deutsche Harte (Also called New German Hardness or Dance Metal)
23%
NWOBHM (New Wave Of British Heavy Metal)
23%
Post-Black Metal
23%
Traditional Doom Metal
23%
Black 'n' Roll
15%
Celtic Metal
15%
Dissonant Black Metal
15%
Nu-Metalcore
15%
Pagan Metal
15%
Raw Black Metal
15%
US Power Metal
15%
Death 'n' Roll
8%
Doomgaze
8%
Gorenoise
8%
Thall
8%
Black Noise
0%
Cosmic Black Metal
0%
Cybergrind
0%
Cyber Metal
0%
Minecore
0%
Mittlelalter-Metal
0%
Noisegrind
0%
Pagan Black Metal
0%
Trance Metal
0%
No matching quizzes found
Score Distribution
Percent of People with Each Score
Percentile by Number Answered
Your Score History
You have not taken this quiz since the last reset